Starosť o seba antické problematizácie života a súčasné myslenie

Bibliographic Details
Main Authors: Flachbartová, Lívia (Author), Sisáková, Oľga, 1948- (Author), Suvák, Vladislav, 1964- (Author)
Format: Book
Language:Slovak
PhysicalDescription:179 s. 22 cm
Published: Prešov Vydavateľstvo Prešovskej univerzity 2016
ISBN:9788055516516
Edition:1. vyd.
Subjects:

MARC

LEADER 00000nam a2200000 a 4500
001 vtls011609968
003 SK-MaSNL
005 20260301141324.0
008 240318s2016 xo frn 000 0 slo
015 |a SNBA2017/02 
020 |a 9788055516516  |q (brož.) 
035 |a urn:nbn:sk:snk-am00cwvk 
035 |a urn:nbn:sk:snk-am3hmtq 
035 |a ABEE9468-6B4D-45B5-80F3-F6EA2907980D 
040 |a SNK  |b slo  |c SNK  |e AACR2 
041 0 |a slo  |b eng  |b ger 
044 |a xo  |c SK 
072 7 |a 14(3)  |x Antická, staroveká filozofia  |2 konspekt 
072 7 |a 165  |x Teória poznania. Epistemológia  |2 konspekt 
080 |a 14(37/38)  |2 2011 
080 |a 616-083-021.464  |2 2001 
080 |a 165.6  |2 2011 
080 |a (048.8)  |2 2011 
080 |a 141.319.8  |2 2011 
100 1 |a Flachbartová, Lívia  |4 aut  |9 495197 
245 1 0 |a Starosť o seba  |b antické problematizácie života a súčasné myslenie  |c Lívia Flachbartová, Oľga Sisáková, Vladislav Suvák 
250 |a 1. vyd. 
260 |a Prešov  |b Vydavateľstvo Prešovskej univerzity  |c 2016 
300 |a 179 s.  |c 22 cm 
504 |a Bibliogr. ; bibliogr. odkazy ; pozn. 
546 |a Res. angl. a nem. 
600 0 7 |a Sokrates,  |d 469-399 pred Kristom  |2 SNKMA  |9 133797 
600 1 7 |a Foucault, Michel,  |d 1926-1984  |2 SNKMA  |9 99122 
600 1 7 |a Sloterdijk, Peter,  |d 1947-  |2 SNKMA  |9 134159 
650 0 7 |a antická filozofia  |2 SNKPH  |9 16861 
650 0 7 |a Ancient philosophy  |2 SNKPHeng  |9 286137 
650 0 7 |a zdravotná starostlivosť o seba  |2 SNKPH  |9 26727 
650 0 7 |a novoveká filozofia  |2 SNKPH  |9 75234 
650 0 7 |a Self care  |2 SNKPHeng  |9 313946 
650 0 7 |a Modern philosophy  |2 SNKPHeng  |9 131876 
650 0 7 |a filozofická antropológia  |2 SNKPH  |9 2075 
650 0 7 |a Philosophical anthropology  |2 SNKPHeng  |9 315558 
655 7 |a monografie  |2 SNKPH  |9 70139 
655 7 |a Monographs  |2 SNKPHeng  |9 120675 
700 1 |a Sisáková, Oľga,  |d 1948-  |4 aut  |9 254948 
700 1 |a Suvák, Vladislav,  |d 1964-  |4 aut  |9 206906 
852 |a Štátna vedecká knižnica v Banskej Bystrici 
919 |a 978-80-555-1651-6 
958 |a NB 
999 |c 766813  |d 768743 
952 |a SNK  |b SNK  |y PREZ  |7 0  |p 17A1252522  |o snkSC 173077  |i snk2017/3677  |8 0  |0 0  |1 0  |4 0  |d 2017-02-09  |f 1  |l 0  |r 2025-09-11 00:00:00  |w 2026-02-24 
952 |a SNK  |b SNK  |y VYP  |7 0  |p 17A1252521  |o snkSC 173077 D1  |i snk2017/3678  |8 0  |0 0  |1 0  |4 0  |d 2017-02-09  |l 0  |r 2026-02-24 00:22:31  |w 2026-02-24